000 01207nam a2200241 a 4500
001 000021606
005 20200930011401.0
008 100909t1956 sp 001 0dspa d
040 _aDO-SdBNP
_bspa
_cBNPHU
082 _a929.2
_bG326a
245 0 0 _aGenealogía de los apellidos Trujillo, Molina, Valdés, Monagas y Chevalier /
_cPróloga, anota y recopila Pedro González-Blanco.
260 _aMadrid :
_bGraficas Uguina, Melendez Valdés,
_c1956.
300 _a226 p. ;
_c22 cm.
500 _aIncluye bibliografía y notas al pie de páginas.
504 _aBibliografía : p. 221-226
505 0 _gAl Excmo. Sr. Doctor Don Rafael L. Trujillo Molina --
_gA modo de introducción --
_tLa muy ilustre casa de Trujillo --
_tLa insigne casa de Molina --
_tLa muy ilustre casa de Valdés --
_tLos Monaga de Venezuela --
_tLa nobilísima casa de los Chevalier de Francia --
_tElucidario de términos heráldicos que no se explican en el texto --
_gBibliografía.
651 4 _aEspaña
_xGenealogía
_944975
650 4 _aParentesco
_92156
651 4 _aRepública Dominicana
_xGenealogía
_92157
700 1 _aGonzález-Blanco, Pedro,
_ecomp.
_944950
910 _aValidado. Control de calidad EMS.
049 _aBNPD
999 _c21105
_d21105